000 00730nam a2200205 a 4500
001 000025706
005 20200930024004.0
008 110221s1981 dr 000 0 spa d
040 _aDO-SdBNP
_bspa
_cBNPHU
082 _a320.97293054
_bC367e
100 1 _aCatrain, Pedro
_916559
245 1 0 _aEstado y crisis política :
_bRepública Dominicana 1980 /
_cPedro Catrain, José Oviedo.
260 _aSanto Domingo :
_bAlfa y Omega,
_c1981.
300 _a724 p. ;
_c18 cm.
590 _aInventariado, 2018/LP
650 4 _aPartidos políticos
_zRepública Dominicana
_xHistoria
_97703
651 4 _aRepública Dominicana
_xPolítica Y Gobierno
_y19
_952471
700 1 2 _aOviedo, José
_92671
910 _aValidado. Control de calidad MFF
999 _c25198
_d25198